Policy for Prosecuting Cases of Homophobic and Transphobic Hate Crime Public Statement

Tallennettuna:
Bibliografiset tiedot
Yhteisötekijä: Crown Prosecution Service
Aineistotyyppi: Kirja
Kieli:englanti
Julkaistu: Londra Crown Prosecution Service 2007
Tagit: Lisää tagi
Ei tageja, Lisää ensimmäinen tagi!

MARC

LEADER 00000nam a2200000 4500
005 20240529173733.0
008 240529b |||||||| |||| 00| 0 eng d
040 |c GP 
110 |a Crown Prosecution Service 
245 |a Policy for Prosecuting Cases of Homophobic and Transphobic Hate Crime  |b Public Statement 
260 |a Londra  |b Crown Prosecution Service  |c 2007 
942 |2 ddc  |c BK  |n 0 
952 |0 0  |1 0  |2 ddc  |4 0  |6 306_766000000000000_CPS  |7 1  |9 1315  |a RM  |b RM  |d 2024-05-29  |l 0  |o 306.766 CPS  |p 111  |r 2024-05-29 17:37:51  |w 2024-05-29  |y BK 
999 |c 1211  |d 1211